000 00692nam a2200193 i 4500
001 78899
003 ES-MaACL
005 20230906173840.0
007 t|
008 041018s1954 sw ||||1| fre d
100 1 _aHelmer, O.
_962469
245 1 2 _aL'électrification des Chemins de Fer suédois et son effet perturbateur sur le réseau de télécommunication /
_cpar O. Helmer et G. Swedenborg et G.A. Pettersson.
260 _aStockholm :
_bEriccson,
_c1954 (
_fEsselte Aktiebolag)
300 _a23 p. :
_bil. ;
_c30 cm.
650 4 _aFerrocarriles-
_zSuecia.
_9158098
700 1 _aSwedenborg, G.
_9108931
700 1 _aPettersson, G. A.
_991566
852 _aES-MaACL
_j1964-F-11
_bR.37141
999 _c78899
_d78899